000 00656nam a2200229Ia 4500
003 GCL
008 140319s9999 xx 000 0 ara d
040 _aGCL /
_cGCL
082 0 4 _a962.065
_bر ل
100 1 _aرشاد كامل
245 1 0 _aلغز يونيو 1967 : الهزيمة والعقاب /
_cرشاد كامل
260 _a[S.N] :
_bسوزانا للنشر
300 _a216 ص
490 _a
650 0 4 _aالعصر الحديث
650 0 4 _aمصر
650 0 4 _aتاريخ
650 0 4 _aالنزاع العربى الاسرائيلى
650 0 4 _aاسرائيل
650 0 4 _aحرب يونيو 1967 - مصر
942 _2ddc
_cBK
999 _c28465
_d28465